| 000 | 00823 a2200193 4500 | ||
|---|---|---|---|
| 020 | _a0764547402 | ||
| 040 | _aDLC | ||
| 082 | 0 | 0 | _a005.4469 |
| 100 | 1 | _aHughes, Cameron, | |
| 245 | 1 | 0 |
_aLinux rapid application development _cCameron Hughes and Tracey Hughes. |
| 260 |
_aFoster City, CA : _bIDG Books Worldwide, _cc2000. |
||
| 300 |
_axxii, 616 p. : _bill. ; _c23 cm. + _e2 computer optical discs (4 3/4 in.) |
||
| 650 | 0 |
_aApplication software _xDevelopment. |
|
| 700 | 1 | _aHughes, Tracey. | |
| 856 | 4 | 1 |
_3Table of contents _uhttp://www.loc.gov/catdir/toc/wiley024/00059687.html |
| 856 | 4 | 1 |
_3Contributor biographical information _uhttp://www.loc.gov/catdir/enhancements/fy0706/00059687-b.html |
| 856 | 4 | 1 |
_3Publisher description _uhttp://www.loc.gov/catdir/enhancements/fy0706/00059687-d.html |
| 942 |
_cBK _k005.4469 HUG _2ddc |
||
| 999 |
_c6320 _d6320 |
||